000 00405nam a22001697a 4500
005 20251108164910.0
008 250721s9999 xx 000 0 ara d
082 1 4 _a811.9611/فاض
100 1 _aخلف، فاضل
245 1 0 _aعلى ضفاف مجردة /
264 _c[19-].
300 _a182ص
650 1 7 _aالشعر العربي
650 1 7 _aتونس
942 _2ddc
_cBK
999 _c16994
_d16994